000 00221nam a22000857a 4500
008 160914b xxu||||| |||| 00| 0 eng d
100 _9438
_aDey S
245 _aBusiness Studies-XII
260 _aNew Delhi
_bGeeta publication
_c2015
999 _c3097
_d3097